| 000 | 01621nab a22002657a 4500 | ||
|---|---|---|---|
| 999 |
_c5557 _d5557 |
||
| 003 | OSt | ||
| 005 | 20251218075405.0 | ||
| 008 | 190429b xxu||||| |||| 00| 0 spa d | ||
| 040 | _cPJ | ||
| 100 |
_96536 _aVitale, Federica |
||
| 245 | 1 | 0 |
_aMás allá de las palabras : _bla perspectiva de género como desafío transversal para la justicia / _cFederica Vitale, Clara Camilletti. |
| 260 |
_cCiudad Autónoma de Buenos Aires : _aThomson Reuters La Ley, _b2025. |
||
| 300 | _ap. 68-73 | ||
| 500 | _aCita: TR LALEY AR/DOC/412/2025 | ||
| 505 | _aSumario: I. El tribunal de Casación de la Provincia de Buenos Aires anuló el veredicto de culpabilidad de un jurado popular y ordenó un nuevo juicio.— II. El rol crucial de las instrucciones finales en los juicios por jurado. La importancia de la perspectiva de género en el ámbito de la justicia y, especialmente, en el caso de mujeres acusadas.— III. Un camino que se debe seguir construyendo.— IV. Conclusión: oportunidad para dar el siguiente paso. | ||
| 505 | _aFallo comentado: TCasación Penal, Buenos Aires, sala I ~ 15/08/2024 ~ B., S. F. s/ recurso de casación. | ||
| 505 | _tSi te interesa el texto completo, solicitalo a koha@justierradelfuego.gov.ar | ||
| 650 | 0 |
_9343 _aDERECHO PENAL |
|
| 650 | 0 |
_94044 _aPERSPECTIVA DE GÉNERO |
|
| 650 | 0 |
_93053 _aVIOLENCIA DE GÉNERO |
|
| 650 | 0 |
_93067 _aJUICIO POR JURADOS |
|
| 700 |
_aCamilletti, Clara _ecoautor _96538 |
||
| 773 | 0 |
_02658 _93164 _tRevista de derecho penal y criminología. Nº 3 - Abril 2025 _dCiudad Autónoma de Buenos Aires : Thomson Reuters La Ley, 2017- _x00347914 |
|
| 942 |
_2udc _cANA |
||